<?xml version="1.0" encoding="UTF-8"?>
<collection xmlns:xsi="http://www.w3.org/2001/XMLSchema-instance" xsi:schemaLocation="http://www.loc.gov/MARC21/slim http://www.loc.gov/standards/marcxml/schema/MARC21slim.xsd" xmlns="http://www.loc.gov/MARC21/slim">
 <record>
  <leader>00000nam a22000008i 4500</leader>
  <controlfield tag="001">UP-8027390931311858646</controlfield>
  <controlfield tag="003">Buklod</controlfield>
  <controlfield tag="005">20250423130107.0</controlfield>
  <controlfield tag="006">m    |o  d |      </controlfield>
  <controlfield tag="007">ta</controlfield>
  <controlfield tag="008">250423s2023    flu     rb   |001 0|eng d</controlfield>
  <datafield tag="020" ind1=" " ind2=" ">
   <subfield code="a">9781032515090 (pbk)</subfield>
  </datafield>
  <datafield tag="035" ind1=" " ind2=" ">
   <subfield code="a">23272918</subfield>
  </datafield>
  <datafield tag="037" ind1=" " ind2=" ">
   <subfield code="a">BC-75674</subfield>
   <subfield code="b">Mine Mover Publishing House Inc.</subfield>
   <subfield code="c">Php4,798.00</subfield>
   <subfield code="n">Department of Physical Sciences</subfield>
  </datafield>
  <datafield tag="040" ind1=" " ind2=" ">
   <subfield code="a">DLC</subfield>
   <subfield code="d">BAG</subfield>
   <subfield code="e">rda</subfield>
  </datafield>
  <datafield tag="041" ind1="0" ind2=" ">
   <subfield code="a">eng</subfield>
  </datafield>
  <datafield tag="090" ind1=" " ind2="0">
   <subfield code="a">QC 793.3 E4 </subfield>
   <subfield code="b">R33 2023</subfield>
  </datafield>
  <datafield tag="100" ind1="1" ind2=" ">
   <subfield code="a">Radu, Daniel</subfield>
   <subfield code="e">author.</subfield>
  </datafield>
  <datafield tag="245" ind1="1" ind2="0">
   <subfield code="a">Solved problems in classical electrodynamics and theory of relativity</subfield>
   <subfield code="c">Daniel Radu and Ioan Merches.</subfield>
  </datafield>
  <datafield tag="264" ind1=" " ind2="1">
   <subfield code="a">Boca Raton, FL</subfield>
   <subfield code="b">CRC Press, an imprint of Taylor &amp; Francis Group, LLC</subfield>
   <subfield code="c">2023.</subfield>
  </datafield>
  <datafield tag="300" ind1=" " ind2=" ">
   <subfield code="a">x, 529 pages</subfield>
   <subfield code="c">24 cm</subfield>
  </datafield>
  <datafield tag="336" ind1=" " ind2=" ">
   <subfield code="a">text</subfield>
   <subfield code="2">rdacontent</subfield>
  </datafield>
  <datafield tag="337" ind1=" " ind2=" ">
   <subfield code="a">unmediated</subfield>
   <subfield code="2">rdamedia</subfield>
  </datafield>
  <datafield tag="338" ind1=" " ind2=" ">
   <subfield code="a">volume</subfield>
   <subfield code="2">rdacarrier</subfield>
  </datafield>
  <datafield tag="504" ind1=" " ind2=" ">
   <subfield code="a">Includes bibliographical references and index.</subfield>
  </datafield>
  <datafield tag="520" ind1=" " ind2=" ">
   <subfield code="a">&quot;This book is intended for undergraduate and graduate students in physics, engineering, astronomy, applied mathematics and for researchers working in related subjects. It is an excellent study tool for those students who would like to work independently on more electrodynamics problems in order to deepen their understanding and problem solving skills. The book discusses main concepts and techniques related to Maxwell's equations, potentials and fields (including Liénard-Wiechert potentials), electromagnetic waves, and the interaction and dynamics of charged point particles. It also includes content on magnetohydrodynamics and plasma, radiation and antennas, special relativity, relativistic kinematics, relativistic dynamics and relativistic-covariant dynamics and general theory of relativity. It contains a wide range of problems, ranging from electrostatics and magnetostatics to the study of the stability of dynamical systems, field theories and black hole orbiting. The book even contains interdisciplinary problems from the fields of electronics, elementary particle theory, antenna design. Detailed, step-by step calculations are presented, meeting the need for a thorough understanding of the reasoning and steps of the calculations by all students, regardless of their level of training. Additionally, numerical solutions are also proposed and accompanied by adjacent graphical representations and even multiple methods of solving the same problem. It is structured in a coherent and unified way, having a deep didactic character, being thus oriented towards a university environment, where the transmission of knowledge in a logical, unified and coherent way is essential. It teaches students how to think about and how to approach solving electrodynamics problems. - Contains a wide range of problems and applications from the fields of electrodynamics and the theory of special relativity. - Presents numerical solutions to problems involving nonlinearities. - Details command lines specific to Mathematica software dedicated to both analytical and numerical calculations, which allows readers to obtain the numerical solutions as well as the related graphical representations&quot;--Provided by publisher.</subfield>
  </datafield>
  <datafield tag="630" ind1="0" ind2="0">
   <subfield code="a">Mathematica (Computer file).</subfield>
  </datafield>
  <datafield tag="650" ind1=" " ind2="0">
   <subfield code="a">Electrodynamics.</subfield>
  </datafield>
  <datafield tag="650" ind1=" " ind2="0">
   <subfield code="a">Electrodynamics</subfield>
   <subfield code="x">Mathematics.</subfield>
  </datafield>
  <datafield tag="650" ind1=" " ind2="0">
   <subfield code="a">Electromagnetic interactions.</subfield>
  </datafield>
  <datafield tag="650" ind1=" " ind2="0">
   <subfield code="a">Relativity (Physics)</subfield>
  </datafield>
  <datafield tag="650" ind1=" " ind2="0">
   <subfield code="a">Nuclear physics.</subfield>
  </datafield>
  <datafield tag="700" ind1="1" ind2=" ">
   <subfield code="a">Merches, Ioan</subfield>
   <subfield code="e">author.</subfield>
  </datafield>
  <datafield tag="905" ind1=" " ind2=" ">
   <subfield code="a">FO</subfield>
  </datafield>
  <datafield tag="852" ind1="0" ind2=" ">
   <subfield code="a">UPBAG</subfield>
   <subfield code="b">UPBAG-MAIN</subfield>
   <subfield code="h">QC 793.3 E4</subfield>
   <subfield code="i">R33 2023</subfield>
  </datafield>
  <datafield tag="942" ind1=" " ind2=" ">
   <subfield code="a">Book</subfield>
  </datafield>
 </record>
</collection>
